|
|
|
|
| LEADER |
01012cam a2200253 i 4500 |
| 001 |
14246772 |
| 003 |
GR-PaULI |
| 005 |
20210117210936.0 |
| 008 |
190718s2005 nyua g b 001 0 eng d |
| 952 |
|
|
|0 0
|1 0
|2 ddc
|4 0
|6 709_040000000000000_63_MAH
|7 0
|9 234083
|a THST
|b THST
|d 2019-07-18
|i 008351
|l 0
|o 709.040 63 MAH
|p 025000264265
|r 2019-07-18 00:00:00
|t 1
|v 2019.00
|w 2019-07-18
|y BK15
|
| 999 |
|
|
|c 141989
|d 141989
|
| 010 |
|
|
|a 2005900092
|
| 020 |
|
|
|a 0500238219 (hbk.)
|
| 020 |
|
|
|a 9780500238219
|
| 040 |
|
|
|a UKM
|c UKM
|d BAKER
|d BWKUK
|d IXA
|d DAY
|d DLC
|d GR-PaULI
|b gre
|e AACR2
|
| 082 |
0 |
4 |
|2 23
|a 709.040 63
|
| 100 |
1 |
|
|a Mahon, Alyce.
|e συγγραφέας
|
| 245 |
1 |
0 |
|a Surrealism and the politics of eros, 1938-1968 /
|c Alyce Mahon.
|
| 260 |
|
|
|a New York :
|b Thames & Hudson,
|c 2005.
|
| 300 |
|
|
|a 240 σ. :
|b εικ. ;
|c 29 εκ.
|
| 504 |
|
|
|a Περιλαμβάνει βιβλιογραφία και ευρετήριο.
|
| 650 |
|
4 |
|a Σουρεαλισμός
|z Γαλλία
|9 52786
|
| 942 |
|
|
|2 ddc
|c BK15
|
| 998 |
|
|
|c ΜΑΝΙΑ
|d 2019-07
|